000
00217nam a2200097Ia 4500
008
190216s9999||||xx |||||||||||||| ||und||
100
_a
Yashpal
245
0
_a
Hindi-Anitha
260
_b
Hindi Sahithya Sadan
942
_c
BK
999
_c
17082
_d
17082